Konkurenceschopnost Evropské unie v procesu globalizace

Analýza postavenia Európskej únie v komparácii s ostatnými svetovými centrami, t.j. so zoskupením BRIC, Japonskom a USA a vyhodnotenie ich úrovne konkurencieschopnosti v podmienkach globalizovanej svetovej ekonomiky.

Na minha lista:
Detalhes bibliográficos
Autor principal: Staníčková, Michaela
Outros Autores: Melecký, Lukáš
Formato: Capítulo de Livro
Idioma:tcheco
Assuntos:
Tags: Adicionar Tag
Sem tags, seja o primeiro a adicionar uma tag!

MARC

LEADER 00000naa a2200000 4500
001 0179630
005 20231204125645.9
041 0 |a cze 
044 |a CZ 
245 1 0 |a Konkurenceschopnost Evropské unie v procesu globalizace  |c Michaela Staníčková, Lukáš Melecký 
520 |a Analýza postavenia Európskej únie v komparácii s ostatnými svetovými centrami, t.j. so zoskupením BRIC, Japonskom a USA a vyhodnotenie ich úrovne konkurencieschopnosti v podmienkach globalizovanej svetovej ekonomiky. 
610 2 0 |a Európska únia 
610 2 0 |a USA 
610 2 0 |a hospodárstvo svetové 
610 2 0 |a globalizácia 
610 2 0 |a BRICS 
610 2 0 |a Japonsko 
610 2 0 |a konkurencieschopnosť 
100 1 |a Staníčková, Michaela 
700 1 |a Melecký, Lukáš